000
00305nam a22001337a 4500
008
181016b xxu||||| |||| 00| 0 eng d
020
_a
9780881336856
041
_a
eng
080
_2
3rd
_a
572
100
_a
24
101
_a
ANT
245
_a
Field Projects in Anthropology
_c
Crane,J.G
942
_2
udc
_c
BK
999
_c
49837
_d
49837